Практикум по инженерной геологии: учебное пособие

Sonraí bibleagrafaíochta
Údar corparáideach: Национальный исследовательский Томский политехнический университет (ТПУ)
Rannpháirtithe: Строкова Л. А. Людмила Александровна (составитель)
Achoimre:В практикуме приведены примеры обработки информации, полученной в ходе инженерно-геологического изучения горных пород, оценки их фи­зико-механических свойств. Задачи даны с подробными решениями и пояс­нениями.Предназначено для студентов геологических специальностей вузов (в том числе обучающихся по специальностям инженерной геологии, гидро­геологии), магистрантов, аспирантов, а также специалистов, работающих в области инженерно-геологических изысканий.
Teanga:Rúisis
Foilsithe / Cruthaithe: Томск, Изд-во ТПУ, 2015
Ábhair:
Formáid: LEABHAR
KOHA link:https://koha.lib.tpu.ru/cgi-bin/koha/opac-detail.pl?biblionumber=312837

MARC

LEADER 00000nam0a2200000 4500
001 312837
005 20240205123807.0
035 |a (RuTPU)RU\TPU\book\338207 
090 |a 312837 
100 |a 20151229d2015 m y0rusy50 ca 
101 0 |a rus 
102 |a RU 
105 |a a j 001zy 
200 1 |a Практикум по инженерной геологии  |e учебное пособие  |f Национальный исследовательский Томский политехнический университет (ТПУ) ; сост. Л. А. Строкова 
210 |a Томск  |c Изд-во ТПУ  |d 2015 
215 |a 127 с.  |c ил. 
320 |a Библиогр.: с. 112-113. 
330 |a В практикуме приведены примеры обработки информации, полученной в ходе инженерно-геологического изучения горных пород, оценки их фи­зико-механических свойств. Задачи даны с подробными решениями и пояс­нениями.Предназначено для студентов геологических специальностей вузов (в том числе обучающихся по специальностям инженерной геологии, гидро­геологии), магистрантов, аспирантов, а также специалистов, работающих в области инженерно-геологических изысканий. 
606 1 |a Инженерная геология  |2 stltpush  |3 (RuTPU)RU\TPU\subj\12572  |9 39335 
610 1 |a горные породы 
610 1 |a физико-механические свойства 
610 1 |a оценка 
610 1 |a инженерно-геологическое изучение 
610 1 |a практические работы 
610 1 |a практикумы 
610 1 |a учебные пособия 
610 1 |a труды учёных ТПУ 
675 |a 624.131.1(076.5)  |v 4 
702 1 |a Строкова  |b Л. А.  |c геолог  |c профессор Томского политехнического университета, доктор геолого-минералогических наук  |f 1963-  |g Людмила Александровна  |3 (RuTPU)RU\TPU\pers\25433  |4 220  |9 11375 
712 0 2 |a Национальный исследовательский Томский политехнический университет (ТПУ)  |c (2009- )  |3 (RuTPU)RU\TPU\col\15902 
801 1 |a RU  |b 63413507  |c 20151229 
801 2 |a RU  |b 63413507  |c 20170327  |g RCR 
942 |c BK